| 000 | 01452nam a2200469Ia 4500 | ||
|---|---|---|---|
| 999 |
_c200429709 _d47633 |
||
| 001 | 78968 | ||
| 003 | TR-AnTOB | ||
| 005 | 20231219084646.0 | ||
| 008 | 110305s2006 tu 00100 tur d | ||
| 020 |
_a975389399X _q(set) |
||
| 020 |
_a9789753893992 _q(set) |
||
| 020 |
_a9753894007 _q(volume 1) |
||
| 020 |
_a9789753894005 _q(volume 1) |
||
| 020 |
_a9753894015 _q(volume 2) |
||
| 020 |
_a9789753894012 _q(volume 2) |
||
| 035 | _a(OCoLC)705898039 | ||
| 040 |
_aSULEY _btur _erda _cSULEY |
||
| 041 | 0 | _atur | |
| 049 | _aMAIN | ||
| 050 | 0 | 0 |
_aBP165.5 _b.I46 2014 |
| 090 |
_aBP165.5 _b.I46 2014 |
||
| 245 | 0 | 0 |
_aİlmihal / _cTürkiye Diyanet Vakfı. |
| 250 | _a10.baskı | ||
| 264 | 1 |
_aAnkara : _bTürkiye Diyanet Vakfı, _c2006. |
|
| 300 |
_a2 cilt ; _c24 cm. |
||
| 336 |
_atext _btxt _2rdacontent |
||
| 337 |
_aunmediated _bn _2rdamedia |
||
| 338 |
_avolume _bnc _2rdacarrier |
||
| 490 | 0 |
_aTürkiye Diyanet Vakfı ; _v323 _aKaynak Eserler serisi ; _v22 |
|
| 500 | _aDizin var. | ||
| 505 | 0 | 0 |
_gcilt 1. _tİman ve ibadetler.-- _gcilt 2. _tİslam ve toplum. |
| 650 | 0 |
_9123139 _aIslam _xCustoms and practices |
|
| 650 | 0 |
_aIslamic ethics _94109 |
|
| 650 | 0 |
_aİslam _xAdetler ve alışkanlıklar _981201 |
|
| 650 | 7 |
_aİslam _xDoktrinler _2etuturkob _9126150 |
|
| 650 | 0 |
_aİslam ahlakı _948365 |
|
| 650 | 0 |
_aIslam _xDoctrines _952209 |
|
| 710 | 2 |
_aTürkiye Diyanet Vakfı _9844 |
|
| 942 |
_2lcc _cBK |
||